| 000 | 00707nam a22002292 4500 | ||
|---|---|---|---|
| 001 | 0000005178 | ||
| 005 | 20151217151954.0 | ||
| 008 | 070608s xx 000 0 eng d | ||
| 020 | _a0130145580 : | ||
| 040 |
_aKABU _cKABU |
||
| 050 | 0 |
_aTK5105.5 _b.R44 |
|
| 100 | 1 |
_aRegan, Patrick E. _@0000156328 |
|
| 245 | 1 | 0 |
_aNetworking with Windows 2000 / _cPatrick Regan. |
| 260 |
_aUpper Saddle River, NJ : _bPrentice Hall, _cc2001. |
||
| 300 |
_axv, 719 p. : _bill. ; _c28 cm. |
||
| 500 | _aIncludes index. | ||
| 650 | 0 |
_aComputer networks. _@0000148214 |
|
| 650 | 0 |
_aMicrosoft Windows (Computer file) _@0000148402 |
|
| 908 | _a070608 | ||
| 950 | _@1 | ||
| 999 |
_c6889 _d6889 |
||